| 000 | 00682nam a22001571i 4500 | ||
|---|---|---|---|
| 001 | 183832 | ||
| 003 | ES-MaACL | ||
| 005 | 20230906221958.0 | ||
| 008 | 141022s1890 sp |||| | spa d | ||
| 110 | 2 |
_aUnión Obrera del Gremio de Albañiles de Madrid. _9155754 |
|
| 245 | 1 | 0 | _aMeeting celebrado por la Sociedad Unión obrera del Gremio de Albañiles de Madrid el domingo 19 de octubre de 1890 bajo la Presidencia de Don Marcelino Ruiz en el Teatro del Príncipe Alfonso. |
| 260 |
_aMadrid : _b[s.n.], _c1890 ( _fTip. Manuel Ginés Hernández) |
||
| 300 |
_a73 p. ; _c17 cm. |
||
| 610 | 2 | 4 |
_aUnión Obrera del Gremio de Albañiles de Madrid. _9155754 |
| 852 |
_aES-MaACL _jT-602-F-1 |
||
| 999 |
_c183832 _d183832 |
||